VMS Library
Email : library.aptu@gmail.com / Tel. 0-2986-9605-6 ext.2003 / Line Official : @vmslibrary
เปลี่ยนเป็นภาษาไทย

Change to English
 แสดงรายละเอียดบรรณานุกรม
  กลับหน้าหลัก

Brief Record : Get Marc (ISO 2709) : E-mail record : QR code ปิดหน้าต่าง
E-Book หนังสือทั่วไป : เกี่ยวกับ Collections
LEADER 01174nam 2200277 a 4500
001    13399123434
003     ULIBM
008    030417s2550 th a sb 001 0 tha
050 00 ^aว ผม.มธ. 7 2550
100 0  ^aปริญญ์ กองสมบัติ
245 10 ^aการเปรียบเทียบลักษณะทางกายภาพของพื้นที่ลานโล่งสาธารณะระหว่างพื้นที่เมืองในประเทศตะวันตกกับพื้นที่กรุงรัตนโกสินทร์ /^cปริญญ์ กองสมบัติ.
246    ^aThe physical comparison of urban squares between counties and Krung Rattanakosin /^cPrin Kongsombat.
260    ^aกรุงเทพฯ :^bมหาวิทยาลัยธรรมศาสตร์,^c2550.
300    ^aก-ซ, 128 แผ่น.
502    ^aวิทยานิพนธ์ การผังเมืองบัณฑิต, 2550.
650  4 ^aพื้นที่สาธารณะ
710 0  ^aยงธนิศร์ พิมลเสถียร, ^eอาจารย์ที่ปรึกษา.
856    ^uhttps://digital.library.tu.ac.th/tu_dc/frontend/Info/item/dc:339084 ^zเอกสารฉบับเต็ม (ดูรายบทคลิกที่ Bookmarks)
913    ^aImported by ULIBM Administrator
949    ^aImport form external file by ULIBM system
รายการนี้ยังไม่มีแท็ก
คุณยังไม่ได้ล็อกอิน คุณสามารถมีกิจกรรมร่วมกับเว็บไซต์ได้ แต่ต้องล็อกอินก่อน ::
  ล็อกอิน
ไม่มีไอเทมให้บริการ
ไม่มีไอเทมให้บริการ
รายการใกล้เคียง
    หัวเรื่อง [พื้นที่สาธารณะ]

BibComment


ยังไม่เคยถูกคอมเมนท์

คอมเมนท์ทรัพยากรรายการนี้
  คอมเมนท์: การเปรียบเทียบลั..
Bib 13399123434
 
 
 

 Union Library Management : ULibM
Copyright 2026. All Rights Reserved.